000 00737nam a2200205 a 4500
001 000046957
005 20201002053236.0
008 180409s2015 dr a 000 0 spa d
020 _a9789945123470
040 _aDO-SdBNP
_bspa
_cBNPHU
082 _axxxx
_bM538m, 3a
100 1 _aMéndez Matos, Sonnia Méndez
_974862
245 1 0 _aMatemática 2 :
_bnivel primaria /
_cSonnia Méndez Matos, Marta Escaño González ; dirección Milagros del Pilar Rubio Muñoz.
260 _aSanto Domingo :
_bSusaeta Ediciones,
_c2015.
300 _a200 p. :
_bil. ;
_c28 cm.
500 _aEnfoque por competencias. Nuevo currículo
504 _aBibliografía : p. 200
590 _aInventariado, 2018/LP
700 1 _aEscaño González, Marta
_974861
999 _c46445
_d46445